The Laundromat (Record no. 4918)

000 -LEADER
fixed length control field 00749nam a22002417a 4500
005 - DATE AND TIME OF LATEST TRANSACTION
control field 20220106081516.0
008 - FIXED-LENGTH DATA ELEMENTS--GENERAL INFORMATION
fixed length control field 220106b2022 nyu||||| |||| 00| 0 eng d
020 00 - INTERNATIONAL STANDARD BOOK NUMBER
International Standard Book Number 9781250754400
Terms of availability RM 52.00
040 ## - CATALOGING SOURCE
Original cataloging agency AKMAL
082 ## - DEWEY DECIMAL CLASSIFICATION NUMBER
Classification number 364.168 BER
090 00 - LOCALLY ASSIGNED LC-TYPE CALL NUMBER (OCLC); LOCAL CALL NUMBER (RLIN)
Classification number (OCLC) (R) ; Classification number, CALL (RLIN) (NR) 364.168
Local cutter number (OCLC) ; Book number/undivided call number, CALL (RLIN) BER
100 10 - MAIN ENTRY--PERSONAL NAME
Personal name Jake Bernstein
9 (RLIN) 9342
245 10 - TITLE STATEMENT
Title The Laundromat
Remainder of title Inside the panama papers, illicit money, networks and the global elite.
Statement of responsibility, etc. Jake Bernstein
250 00 - EDITION STATEMENT
Edition statement 1st edition
260 00 - PUBLICATION, DISTRIBUTION, ETC.
Place of publication, distribution, etc. New York
Name of publisher, distributor, etc. Henry Holt and Company
Date of publication, distribution, etc. 2017
300 ## - PHYSICAL DESCRIPTION
Extent x,350page
Other physical details ill
Dimensions 20cm
500 00 - GENERAL NOTE
General note includes index
650 00 - SUBJECT ADDED ENTRY--TOPICAL TERM
Topical term or geographic name entry element Panama papers
9 (RLIN) 9343
650 00 - SUBJECT ADDED ENTRY--TOPICAL TERM
Topical term or geographic name entry element Tax evasion
9 (RLIN) 9344
650 00 - SUBJECT ADDED ENTRY--TOPICAL TERM
Topical term or geographic name entry element Tax havens
9 (RLIN) 9345
650 00 - SUBJECT ADDED ENTRY--TOPICAL TERM
Topical term or geographic name entry element Finance, public
General subdivision Corrupt practices
9 (RLIN) 9346
942 ## - ADDED ENTRY ELEMENTS (KOHA)
Source of classification or shelving scheme
Koha item type Book
Holdings
Withdrawn status Lost status Source of classification or shelving scheme Damaged status Not for loan Collection code Home library Current library Shelving location Date acquired Inventory number Total Checkouts Full call number Barcode Date last seen Date last checked out Price effective from Koha item type
          NON-FICTION AKMAL Melaka AKMAL Melaka PINJAMAN 06.01.2022 011432 1 364.168 BER 201708087 06.01.2022 06.01.2022 06.01.2022 Book
Pusat Sumber Maklumat Dato' Haji Sarmin Md Hussin, Akademi Kastam Diraja Malaysia, Melaka
Tel: 06-2331106 | Faks: 06-2313787